Statistics for 50 True and False Quiz

Click here to take the quiz!

General Stats

  • This quiz has been taken 24 times
  • The average score is 35 of 50

Answer Stats

QuestionAnswer% Correct
Batman's butler is named Alfred.True
95%
Vatican city is the smallest country in the world.True
95%
Three strikes in a row in bowling is called a chicken.False
90%
Mount Everest is the 2nd tallest mountain in the world.False
90%
Arachnophobia is the fear of bathing.False
90%
Herbivores eat animals.False
90%
The three Axis powers in World War II were Germany, Greece and Japan.False
85%
Mushrooms are the most popular pizza topping in the U.S.False
85%
The sun was never considered a star.False
85%
Sharks are classified as mammals.False
85%
Dark chocolate is actually good for you.True
85%
Drinking too much milk can cause health issues.True
85%
The letter J is not included on the Periodic Table.True
85%
The letter "T" is the most common letter in the English languageFalse
80%
France is responsible for giving us French fries.False
80%
The human body is 20 percent water.False
80%
Cheesecake comes from Italy.False
80%
There are 7 nights in KwanzaaTrue
80%
Santa Claus has his own postal code.True
80%
The mosquito has a record for killing more people than any other species in written history.True
80%
Ants can hold up to 5,000 times their body weight.True
80%
Lightning can’t strike in the same place twice.False
75%
Coca-Cola was the first soft drink in the United States.False
75%
There are 30 NFL teams.False
75%
2 of Henry Vlll 6 wives were executed.True
75%
Avocados are vegetables.False
70%
Juneteenth has been an official holiday since the 1960s.False
70%
The process of creating honey involves bees vomiting.True
70%
True and False questions are also referred to as alternate-response questions.True
70%
The record for the tallest human in the world is almost 9 feet tall.True
70%
The Pacific Ocean is the biggest ocean on Earth.True
70%
Walt Disney has the record for most academy rewards.True
70%
Snails are safe to eat as long as they are cooked properly.True
70%
The goat is used to symbolize the zodiac sign, Capricorn.True
65%
Dinosaurs are the biggest animals to ever live.False
60%
Ketchup was once used as a medicine.True
60%
Patients with COVID-19 may use ibuprofen, aspirin, or naproxen as anti-inflammatory medications.True
60%
The first football helmets were made of moleskin.True
60%
In a regular deck of cards, all kings have a mustache.False
55%
Mickey’s given name has initially been Milton Mouse.False
50%
Golf balls have 300 to 500 dimples.True
50%
In Scotland, the unicorn is the national animal.True
50%
On July 4, 1776, only 2 men signed the Declaration of Independence.True
50%
Bats are usually blind.False
45%
McDonald’s serves spaghetti in the Philippines.True
45%
Human teeth are the only part of the body that can’t heal themselves.True
45%
Cupid is the god of love in Greek mythologyFalse
40%
Hanukkah lasts for seven days.False
40%
Four countries share their land borders with Switzerland.False
35%
Sloths take 10 days to digest food.False
20%

Score Distribution

Percentile by Number Answered

Percent of People with Each Score

Your Score History

You have not taken this quiz